La sposa vuole sapere /

Сохранить в:
Библиографические подробности
Главный автор: Gendron, Lionel (Автор)
Формат:
Язык:итальянский
Опубликовано: Roma : Bizzarri, 1972
Серии:Biblioteca pratica Bizzarri ; 2
Предметы:
Метки: Добавить метку
Нет меток, Требуется 1-ая метка записи!

MARC

LEADER 00000nam a22000007i 4500
001 IT\ICCU\SBL\0431395
003 ItRI
005 20260115232320.0
008 910930s1972 it |||||| ||||| |||||c
015 |2 IT  |a 7212253 
040 |b ita  |c importazione bologna sebina 
041 7 |a ita  |2 ISO-639-2 
082 |a 301.41  |9 SESSO  |2 17 
100 1 |a Gendron, Lionel  |0 IT\ICCU\SBLV\211419  |4 aut 
240 1 3 |a La mariee veut savoir .  |3 IT\ICCU\SBL\0431396  |9 Gendron, Lionel 
245 1 3 |a La sposa vuole sapere /  |c Lionel Gendron. 
260 |a Roma :  |b Bizzarri,  |c 1972 
300 |a 169 p. ;  |c 20 cm . 
650 7 |a Sesso 
830 0 |a Biblioteca pratica Bizzarri ;  |v 2  |0 IT\ICCU\SBL\0464809 
942 |2 ddc  |c BK  |n 0 
952 |0 0  |1 0  |4 0  |6 DOC_306_708000000000000_GEN  |7 0  |9 24062  |a BO  |b BO  |d 2026-01-15  |i 1801  |l 0  |o DOC 306.708 GEN  |p BO1801  |r 2026-01-15 23:23:20  |w 2026-01-15  |x [Sebina 7] [1 v.]  |y BK  |z 1 v. 
999 |c 20489  |d 20489